Champions League Winners by Logo - Statistics

General Stats
  • This quiz has been taken 46 times
  • The average score is 21 of 24
Answer Stats
Picture Answer % Correct
Bayern Munich
100%
Celtic
100%
Juventus
100%
Real Madrid
100%
FC Barcelona
98%
Liverpool
95%
Manchester United
95%
AC Milan
93%
Aston Villa
93%
Chelsea
93%
Inter Milan
93%
Nottingham Forest
93%
Paris Saint-Germain
93%
Benfica
88%
Manchester City
88%
Borussia Dortmund
86%
Olympique Marseille
81%
Ajax
77%
FC Porto
74%
PSV
74%
Feyenoord
70%
Hamburger SV
70%
Red Star
70%
Steaua București
47%
No matching quizzes found
Score Distribution
Percent of People with Each Score
Percentile by Number Answered
Your Score History
You have not taken this quiz